Add a Letter Pair II Quiz Stats

 Plays Quiz Updated Aug 12, 2014

Support Sporcle.
Go Orange.
Score 0/22 Timer 04:00
2 Plays Today
% Correct
FE
97.3%
ED
93.9%
ON
90.5%
IH
83.5%
KJ
83.2%
TS
82.4%
PO
81.7%
LK
81.6%
UT
80.7%
VU
80.2%
HG
78.2%
% Correct
RQ
78.1%
GF
76%
BA
76%
XW
74.8%
NM
73%
ML
72.2%
DC
71.8%
SR
71.2%
JI
68%
ZY
65.2%
CB
54.3%

You're not logged in!

Compare scores with friends on all Sporcle quizzes.
OR
Log In

From the Vault

Typing Challenge: 100 Easter Words

by beforever

You'll have to type as fast as a rabbit.
Remove Ads.
Support Sporcle.
Get the best of Sporcle when you Go Orange. This ad-free experience offers more features, more stats, and more fun while also helping to support Sporcle. Thank you for becoming a member.

Show Comments

Extras

Top Quizzes Today


Score Distribution

Your Account Isn't Verified!

In order to create a playlist on Sporcle, you need to verify the email address you used during registration. Go to your Sporcle Settings to finish the process.

Report this User

Report this user for behavior that violates our Community Guidelines.

Details: